All Philadelphia Neighborhoods - Statistics

General Stats
  • This quiz has been taken 175 times
  • The average score is 21 of 120
Answer Stats
# Neighborhood Pop. % Correct
34 Kensington 24,869
78%
64 Fishtown 11,876
67%
12 Germantown 42,556
55%
1 South Philadelphia 168,782
54%
8 University City 50,967
54%
51 Northern Liberties 15,681
51%
87 Old City 6,108
50%
59 Rittenhouse Square 12,821
49%
5 Roxborough-Manayunk 57,850
49%
29 Fairmount 27,410
47%
2 Olney 74,971
45%
36 Port Richmond 24,069
44%
66 Chestnut Hill 10,919
41%
50 Strawberry Mansion 15,764
41%
116 Chinatown 1,362
40%
25 Brewerytown 30,733
37%
3 Frankford 68,965
37%
41 Logan 21,019
37%
82 Spring Garden 7,098
37%
86 Society Hill 6,215
36%
70 East Falls 9,616
35%
54 Grays Ferry 14,863
35%
28 Mayfair 29,026
33%
78 Bridesburg 8,638
32%
22 Mount Airy 32,467
32%
74 Overbrook 9,147
31%
6 Mantua 54,311
29%
52 Tacony 15,675
29%
83 Queen Village 7,051
27%
24 Rhawnhurst 30,805
27%
30 Pennsport 26,300
26%
58 Juniata 13,617
24%
45 Nicetown-Tioga 17,382
24%
16 Bustleton 34,479
22%
42 Fox Chase 20,069
22%
84 Midtown Village 6,708
22%
13 Passyunk Square 39,060
22%
17 Holmesburg 34,470
21%
4 Kingsessing 65,247
21%
9 Oxford Circle 48,483
21%
31 West Oak Lane 25,464
21%
89 Bella Vista 5,898
19%
69 East Oak Lane 9,969
19%
61 Point Breeze 12,391
19%
20 Somerton 33,210
19%
26 Torresdale 30,358
19%
99 Poplar 4,406
18%
115 Callowhill 1,720
17%
19 Cobbs Creek 33,376
17%
53 Devils Pocket 14,919
17%
94 Eastwick 5,231
17%
113 Fitler Square 1,984
17%
14 Andorra 38,309
15%
27 Wynnefield 29,641
15%
33 Elmwood 24,891
14%
38 Hunting Park 22,205
14%
55 Ogontz 14,857
14%
10 Packer Park 46,623
14%
15 Cecil B. Moore 37,289
13%
7 East Passyunk 52,594
13%
98 Fern Rock 4,492
13%
105 Hawthorne 3,459
12%
47 Logan Square 16,681
12%
48 Lower Moyamensing 16,411
12%
72 Spruce Hill 9,244
12%
92 West Kensington 5,341
12%
67 West Passyunk 10,330
12%
71 Whitman 9,549
12%
57 Harrowgate 14,010
10%
75 Newbold 8,890
10%
39 Wissinoming 21,449
10%
88 Yorktown 5,900
10%
21 Overbrook Park 33,174
9%
68 Pennypack 10,126
9%
101 Wissahickon 4,295
9%
79 Fairhill 8,529
8%
37 Lawndale 23,952
8%
104 Belmont 3,809
6%
119 Byberry 725
6%
63 Cedarbrook 12,151
6%
46 Feltonville 17,307
6%
44 Lawncrest 18,079
6%
77 Cedar Park 8,645
5%
35 East Kensington 24,674
5%
112 Ludlow 2,039
5%
32 Squirrel Hill 25,408
5%
60 Stanton 12,473
5%
96 Academy Gardens 4,691
4%
56 Allegheny West 14,265
4%
23 Morrell Park 31,736
4%
97 Overbrook Farms 4,669
4%
65 Carroll Park 11,727
3%
103 Glenwood 4,194
3%
43 Haddington 20,009
3%
49 Hartranft 15,883
3%
95 Millbrook 4,752
3%
80 Mill Creek 8,285
3%
18 Modena Park 34,253
3%
73 Northwood 9,151
3%
90 Walnut Hill 5,528
3%
81 Wynnefield Heights 7,476
3%
93 Aston-Woodbridge 5,299
1%
40 Castor Gardens 21,032
1%
109 Clearview 2,854
1%
107 East Parkside 3,149
1%
108 Garden Court 2,900
1%
85 Morton 6,340
1%
117 Normandy 1,252
1%
106 Sharswood 3,177
1%
114 Winchester Park 1,830
1%
100 Wister 4,309
1%
110 Bartram Village 2,615
0%
11 Cathedral Park 44,972
0%
`118 Crescentville 859
0%
120 Crestmont Farms 349
0%
91 Dickinson Square 5,377
0%
111 Dunlap 2,223
0%
102 Lexington Park 4,244
0%
62 Paschall 12,315
0%
76 Southwest Schuylkill 8,767
0%
No matching quizzes found
Score Distribution
Percent of People with Each Score
Percentile by Number Answered
Your Score History
You have not taken this quiz